[Event "April 9 Late 2024"]
[Site "Chess.com"]
[Date "2024.04.09"]
[Round "2"]
[White "Arias Igual, Alejandro"]
[Black "Perea Fruet, Lorenzo"]
[Result "0-1"]
[Board "81"]
[WhiteFideId "2254905"]
[BlackFideId "24595870"]
[WhiteTitle "FM"]
[BlackTitle "FM"]
[WhiteElo "2386"]
[BlackElo "2737"]
[WhiteTeam "ESP"]
[BlackTeam "ESP"]
[WhiteClock "0:00:00"]
[BlackClock "0:00:03"]
[Variant "Standard"]

1. e3 {[%clk 0:03:00]}  b6 {[%clk 0:03:00]} 2. Nf3 {[%clk 0:02:57]}  Bb7 {[%clk 0:03:00]} 3. d4 {[%clk 0:02:57]}  e6 {[%clk 0:03:00]} 4. c4 {[%clk 0:02:51]}  c5 {[%clk 0:03:00]} 5. Nc3 {[%clk 0:02:48]}  cxd4 {[%clk 0:02:55]} 6. exd4 {[%clk 0:02:48]}  Bb4 {[%clk 0:02:55]} 7. Bd3 {[%clk 0:02:45]}  Nf6 {[%clk 0:02:53]} 8. O-O {[%clk 0:02:45]}  O-O {[%clk 0:02:53]} 9. Bg5 {[%clk 0:02:36]}  h6 {[%clk 0:02:51]} 10. Bh4 {[%clk 0:02:35]}  Be7 {[%clk 0:02:49]} 11. Qe2 {[%clk 0:02:26]}  Nh5 {[%clk 0:02:28]} 12. Bg3 {[%clk 0:02:15]}  Nxg3 {[%clk 0:02:27]} 13. hxg3 {[%clk 0:02:16]}  Nc6 {[%clk 0:02:24]} 14. a3 {[%clk 0:02:12]}  Bf6 {[%clk 0:02:16]} 15. Qe3 {[%clk 0:02:12]}  Rc8 {[%clk 0:01:57]} 16. Ne4 {[%clk 0:02:06]}  d5 {[%clk 0:01:51]} 17. Nxf6+ {[%clk 0:02:02]}  Qxf6 {[%clk 0:01:52]} 18. cxd5 {[%clk 0:01:55]}  exd5 {[%clk 0:01:49]} 19. Rfe1 {[%clk 0:01:55]}  Na5 {[%clk 0:01:42]} 20. Ne5 {[%clk 0:01:48]}  Nc4 {[%clk 0:01:38]} 21. Qe2 {[%clk 0:01:21]}  Rfe8 {[%clk 0:01:12]} 22. b3 {[%clk 0:01:08]}  Na5 {[%clk 0:01:07]} 23. Rab1 {[%clk 0:00:53]}  Rc3 {[%clk 0:01:02]} 24. Nd7 {[%clk 0:00:42]}  Rxe2 {[%clk 0:01:00]} 25. Nxf6+ {[%clk 0:00:42]}  gxf6 {[%clk 0:01:00]} 26. Bxe2 {[%clk 0:00:42]}  Nxb3 {[%clk 0:01:00]} 27. Red1 {[%clk 0:00:37]}  Na5 {[%clk 0:00:48]} 28. Rd3 {[%clk 0:00:36]}  Rc2 {[%clk 0:00:47]} 29. Bf3 {[%clk 0:00:34]}  Nc4 {[%clk 0:00:43]} 30. Rb5 {[%clk 0:00:31]}  a6 {[%clk 0:00:37]} 31. Rb4 {[%clk 0:00:31]}  a5 {[%clk 0:00:33]} 32. Rb5 {[%clk 0:00:29]}  Bc6 {[%clk 0:00:33]} 33. Rb1 {[%clk 0:00:27]}  b5 {[%clk 0:00:29]} 34. Re1 {[%clk 0:00:26]}  Kf8 {[%clk 0:00:29]} 35. g4 {[%clk 0:00:17]}  Ra2 {[%clk 0:00:24]} 36. Kh2 {[%clk 0:00:13]}  Rxa3 {[%clk 0:00:22]} 37. Rxa3 {[%clk 0:00:13]}  Nxa3 {[%clk 0:00:23]} 38. Kg3 {[%clk 0:00:12]}  Nc2 {[%clk 0:00:17]} 39. Rd1 {[%clk 0:00:11]}  b4 {[%clk 0:00:16]} 40. Rc1 {[%clk 0:00:10]}  Nxd4 {[%clk 0:00:12]} 41. Bd1 {[%clk 0:00:09]}  a4 {[%clk 0:00:06]} 42. Kf4 {[%clk 0:00:09]}  Bb5 {[%clk 0:00:02]} 43. Ke3 {[%clk 0:00:08]}  Ne6 {[%clk 0:00:03]} 44. f4 {[%clk 0:00:05]}  b3 {[%clk 0:00:03]} 45. f5 {[%clk 0:00:05]}  Ng5 {[%clk 0:00:03]} 46. Rc5 {[%clk 0:00:03]}  Bc4 {[%clk 0:00:02]} 47. Ra5 {[%clk 0:00:02]}  b2 {[%clk 0:00:03]} 48. Bc2 {[%clk 0:00:02]}  Bb3 {[%clk 0:00:03]} 49. Bb1 {[%clk 0:00:02]}  Ne4 {[%clk 0:00:03]} 50. Kd4 {[%clk 0:00:02]}  Nd2 {[%clk 0:00:03]} 51. Bd3 {[%clk 0:00:02]}  Bc4 {[%clk 0:00:03]} 52. Bc2 {[%clk 0:00:00]}  Nb3+ {[%clk 0:00:03]} 0-1

[Event "April 9 Late 2024"]
[Site "Chess.com"]
[Date "2024.04.09"]
[Round "2"]
[White "Padalka, Artem"]
[Black "Lin, Bryan Enming"]
[Result "0-1"]
[Board "86"]
[WhiteFideId "14118637"]
[BlackFideId "30987121"]
[WhiteTitle "CM"]
[WhiteElo "2316"]
[BlackElo "2692"]
[WhiteTeam "POL"]
[BlackTeam "USA"]
[WhiteClock "0:00:13"]
[BlackClock "0:01:43"]
[Variant "Standard"]

1. Nf3 {[%clk 0:02:58]}  Nf6 {[%clk 0:02:57]} 2. c4 {[%clk 0:02:58]}  g6 {[%clk 0:02:56]} 3. g3 {[%clk 0:02:59]}  Bg7 {[%clk 0:02:56]} 4. Bg2 {[%clk 0:03:00]}  O-O {[%clk 0:02:57]} 5. O-O {[%clk 0:03:01]}  d6 {[%clk 0:02:57]} 6. Nc3 {[%clk 0:03:01]}  Nc6 {[%clk 0:02:57]} 7. d3 {[%clk 0:03:01]}  Rb8 {[%clk 0:02:54]} 8. Rb1 {[%clk 0:03:00]}  a6 {[%clk 0:02:52]} 9. b4 {[%clk 0:02:57]}  b5 {[%clk 0:02:52]} 10. cxb5 {[%clk 0:02:54]}  axb5 {[%clk 0:02:53]} 11. d4 {[%clk 0:02:49]}  Bf5 {[%clk 0:02:49]} 12. Rb2 {[%clk 0:02:44]}  Ne4 {[%clk 0:02:47]} 13. Nxe4 {[%clk 0:02:38]}  Bxe4 {[%clk 0:02:47]} 14. e3 {[%clk 0:02:31]}  e5 {[%clk 0:02:44]} 15. d5 {[%clk 0:02:27]}  Ne7 {[%clk 0:02:43]} 16. Ne1 {[%clk 0:02:25]}  Bxg2 {[%clk 0:02:41]} 17. Kxg2 {[%clk 0:02:24]}  e4 {[%clk 0:02:39]} 18. Rc2 {[%clk 0:02:24]}  Qd7 {[%clk 0:02:35]} 19. Bb2 {[%clk 0:02:23]}  Qf5 {[%clk 0:02:31]} 20. Bxg7 {[%clk 0:02:21]}  Kxg7 {[%clk 0:02:32]} 21. Rxc7 {[%clk 0:02:21]}  Nxd5 {[%clk 0:02:32]} 22. Qd4+ {[%clk 0:02:20]}  Kg8 {[%clk 0:02:31]} 23. Rc6 {[%clk 0:02:18]}  Rfd8 {[%clk 0:02:25]} 24. Nc2 {[%clk 0:02:09]}  Rbc8 {[%clk 0:02:19]} 25. Rxc8 {[%clk 0:02:04]}  Rxc8 {[%clk 0:02:19]} 26. Na3 {[%clk 0:02:03]}  Rc3 {[%clk 0:01:48]} 27. Nxb5 {[%clk 0:01:57]}  Nxe3+ {[%clk 0:01:47]} 28. fxe3 {[%clk 0:01:54]}  Rc2+ {[%clk 0:01:45]} 29. Kg1 {[%clk 0:01:53]}  Qh3 {[%clk 0:01:44]} 30. Rf2 {[%clk 0:00:17]}  Rc1+ {[%clk 0:01:43]} 31. Rf1 {[%clk 0:00:13]}  Rxf1# {[%clk 0:01:43]} 0-1

[Event "April 9 Late 2024"]
[Site "Chess.com"]
[Date "2024.04.09"]
[Round "2"]
[White "Nazari, Arad"]
[Black "Sena, Juan"]
[Result "1-0"]
[Board "88"]
[WhiteFideId "12577324"]
[BlackFideId "6400272"]
[WhiteTitle "IM"]
[WhiteElo "2684"]
[BlackElo "2193"]
[WhiteTeam "IRI"]
[BlackTeam "DOM"]
[WhiteClock "0:01:52"]
[BlackClock "0:00:14"]
[Variant "Standard"]

1. e4 {[%clk 0:03:00]}  e6 {[%clk 0:02:59]} 2. Qe2 {[%clk 0:02:50]}  c5 {[%clk 0:02:52]} 3. g3 {[%clk 0:02:47]}  Nc6 {[%clk 0:02:49]} 4. Bg2 {[%clk 0:02:47]}  Nf6 {[%clk 0:02:39]} 5. Nf3 {[%clk 0:02:47]}  d6 {[%clk 0:02:38]} 6. O-O {[%clk 0:02:45]}  Be7 {[%clk 0:02:37]} 7. c3 {[%clk 0:02:46]}  O-O {[%clk 0:02:36]} 8. d4 {[%clk 0:02:47]}  cxd4 {[%clk 0:02:35]} 9. cxd4 {[%clk 0:02:47]}  d5 {[%clk 0:02:33]} 10. exd5 {[%clk 0:02:40]}  Nxd5 {[%clk 0:02:29]} 11. Nc3 {[%clk 0:02:40]}  Bf6 {[%clk 0:02:25]} 12. Ne5 {[%clk 0:02:39]}  Nxd4 {[%clk 0:02:23]} 13. Qe4 {[%clk 0:02:39]}  Nxc3 {[%clk 0:02:09]} 14. bxc3 {[%clk 0:02:37]}  Nc2 {[%clk 0:02:02]} 15. Rb1 {[%clk 0:02:30]}  Qa5 {[%clk 0:01:55]} 16. Ng4 {[%clk 0:02:20]}  Na3 {[%clk 0:01:34]} 17. Nxf6+ {[%clk 0:02:07]}  gxf6 {[%clk 0:01:34]} 18. Qg4+ {[%clk 0:01:56]}  Kh8 {[%clk 0:01:29]} 19. Qh4 {[%clk 0:01:56]}  Nxb1 {[%clk 0:00:39]} 20. Qxf6+ {[%clk 0:01:55]}  Kg8 {[%clk 0:00:39]} 21. Bh6 {[%clk 0:01:55]}  Qxc3 {[%clk 0:00:35]} 22. Qg5+ {[%clk 0:01:55]}  Kh8 {[%clk 0:00:34]} 23. Bxf8 {[%clk 0:01:52]}  Bd7 {[%clk 0:00:14]} 24. Be7 {[%clk 0:01:52]} 1-0

[Event "April 9 Late 2024"]
[Site "Chess.com"]
[Date "2024.04.09"]
[Round "2"]
[White "Morales Garcia, Sergio Joshafatt"]
[Black "Bardyk, Artem"]
[Result "0-1"]
[Board "95"]
[WhiteFideId "5106249"]
[BlackFideId "34349979"]
[WhiteTitle "FM"]
[BlackTitle "CM"]
[WhiteElo "2479"]
[BlackElo "2831"]
[WhiteTeam "MEX"]
[BlackTeam "RUS"]
[WhiteClock "0:00:02"]
[BlackClock "0:00:05"]
[Variant "Standard"]

1. d4 {[%clk 0:03:00]}  d5 {[%clk 0:02:57]} 2. c4 {[%clk 0:03:01]}  e6 {[%clk 0:02:56]} 3. Nf3 {[%clk 0:03:02]}  Nf6 {[%clk 0:02:56]} 4. Nc3 {[%clk 0:03:02]}  h6 {[%clk 0:02:55]} 5. cxd5 {[%clk 0:03:00]}  exd5 {[%clk 0:02:55]} 6. Bf4 {[%clk 0:03:00]}  Bd6 {[%clk 0:02:56]} 7. Bg3 {[%clk 0:02:59]}  O-O {[%clk 0:02:55]} 8. e3 {[%clk 0:02:59]}  Re8 {[%clk 0:02:56]} 9. Bd3 {[%clk 0:02:57]}  c6 {[%clk 0:02:50]} 10. Ne5 {[%clk 0:02:57]}  a5 {[%clk 0:02:44]} 11. O-O {[%clk 0:02:53]}  Na6 {[%clk 0:02:44]} 12. Rc1 {[%clk 0:02:43]}  Nc7 {[%clk 0:02:43]} 13. f4 {[%clk 0:02:39]}  c5 {[%clk 0:02:19]} 14. Bb1 {[%clk 0:02:36]}  cxd4 {[%clk 0:02:17]} 15. exd4 {[%clk 0:02:36]}  Bf8 {[%clk 0:01:38]} 16. Qd3 {[%clk 0:02:30]}  b6 {[%clk 0:01:28]} 17. Bh4 {[%clk 0:01:58]}  g6 {[%clk 0:01:27]} 18. Nxf7 {[%clk 0:01:41]}  Qe7 {[%clk 0:00:29]} 19. Qxg6+ {[%clk 0:01:35]}  Bg7 {[%clk 0:00:29]} 20. Nxh6+ {[%clk 0:01:22]}  Kf8 {[%clk 0:00:29]} 21. Rce1 {[%clk 0:00:58]}  Be6 {[%clk 0:00:06]} 22. f5 {[%clk 0:00:20]}  Bf7 {[%clk 0:00:06]} 23. Rxe7 {[%clk 0:00:14]}  Bxg6 {[%clk 0:00:03]} 24. Rxc7 {[%clk 0:00:14]}  Bh5 {[%clk 0:00:01]} 25. Bxf6 {[%clk 0:00:08]}  Bxf6 {[%clk 0:00:01]} 26. Nxd5 {[%clk 0:00:08]}  Bg7 {[%clk 0:00:01]} 27. f6 {[%clk 0:00:05]}  Bxh6 {[%clk 0:00:02]} 28. Kh1 {[%clk 0:00:04]}  Red8 {[%clk 0:00:03]} 29. Ne7 {[%clk 0:00:04]}  Rxd4 {[%clk 0:00:02]} 30. Ng6+ {[%clk 0:00:05]}  Bxg6 {[%clk 0:00:03]} 31. Bxg6 {[%clk 0:00:05]}  Rad8 {[%clk 0:00:03]} 32. Rf7+ {[%clk 0:00:05]}  Kg8 {[%clk 0:00:03]} 33. Rb7 {[%clk 0:00:05]}  Rd1 {[%clk 0:00:04]} 34. f7+ {[%clk 0:00:02]}  Kf8 {[%clk 0:00:04]} 35. h3 {[%clk 0:00:01]}  Rxf1+ {[%clk 0:00:04]} 36. Kh2 {[%clk 0:00:02]}  Bf4+ {[%clk 0:00:05]} 37. g3 {[%clk 0:00:02]}  Rd2# {[%clk 0:00:05]} 0-1

[Event "April 9 Late 2024"]
[Site "Chess.com"]
[Date "2024.04.09"]
[Round "2"]
[White "Buenafe Moya, Javier"]
[Black "Korchmar, Vasiliy"]
[Result "0-1"]
[Board "98"]
[WhiteFideId "2206412"]
[BlackFideId "24131750"]
[WhiteTitle "FM"]
[BlackTitle "IM"]
[WhiteElo "2411"]
[BlackElo "2707"]
[WhiteTeam "ESP"]
[BlackTeam "RUS"]
[WhiteClock "0:01:36"]
[BlackClock "0:00:04"]
[Variant "Standard"]

1. c4 {[%clk 0:03:00]}  c6 {[%clk 0:02:59]} 2. Nf3 {[%clk 0:02:57]}  d5 {[%clk 0:02:59]} 3. e3 {[%clk 0:02:57]}  Nf6 {[%clk 0:03:00]} 4. b3 {[%clk 0:02:57]}  e6 {[%clk 0:03:01]} 5. Bb2 {[%clk 0:02:57]}  Bd6 {[%clk 0:03:01]} 6. Qc2 {[%clk 0:02:57]}  O-O {[%clk 0:03:02]} 7. Ng5 {[%clk 0:02:56]}  e5 {[%clk 0:02:58]} 8. h4 {[%clk 0:02:55]}  h6 {[%clk 0:02:41]} 9. f4 {[%clk 0:02:54]}  hxg5 {[%clk 0:02:35]} 10. fxe5 {[%clk 0:02:45]}  Ne4 {[%clk 0:02:32]} 11. exd6 {[%clk 0:02:42]}  Ng3 {[%clk 0:02:24]} 12. Rg1 {[%clk 0:02:31]}  gxh4 {[%clk 0:02:15]} 13. Bd3 {[%clk 0:02:25]}  Qxd6 {[%clk 0:02:13]} 14. Nc3 {[%clk 0:02:22]}  Bg4 {[%clk 0:02:09]} 15. Ne2 {[%clk 0:02:21]}  Nxe2 {[%clk 0:02:03]} 16. Bxe2 {[%clk 0:02:20]}  Qg3+ {[%clk 0:02:03]} 17. Kd1 {[%clk 0:02:19]}  Nd7 {[%clk 0:01:29]} 18. Bxg4 {[%clk 0:02:07]}  Qxg4+ {[%clk 0:01:29]} 19. Ke1 {[%clk 0:02:07]}  Rfe8 {[%clk 0:01:06]} 20. c5 {[%clk 0:02:01]}  d4 {[%clk 0:00:58]} 21. Qc4 {[%clk 0:01:58]}  Qg3+ {[%clk 0:00:58]} 22. Kd1 {[%clk 0:01:56]}  dxe3 {[%clk 0:00:56]} 23. Qd4 {[%clk 0:01:55]}  exd2 {[%clk 0:00:43]} 24. Rh1 {[%clk 0:01:46]}  Re1+ {[%clk 0:00:16]} 25. Kxd2 {[%clk 0:01:45]}  Qxg2+ {[%clk 0:00:06]} 26. Kxe1 {[%clk 0:01:42]}  Re8+ {[%clk 0:00:06]} 27. Kd1 {[%clk 0:01:41]}  Qxh1+ {[%clk 0:00:06]} 28. Kc2 {[%clk 0:01:41]}  Qe4+ {[%clk 0:00:06]} 29. Kc3 {[%clk 0:01:39]}  Qxd4+ {[%clk 0:00:05]} 30. Kxd4 {[%clk 0:01:39]}  Nf8 {[%clk 0:00:06]} 31. b4 {[%clk 0:01:39]}  g5 {[%clk 0:00:05]} 32. Kc4 {[%clk 0:01:40]}  Ng6 {[%clk 0:00:04]} 33. Rd1 {[%clk 0:01:40]}  h3 {[%clk 0:00:04]} 34. Rg1 {[%clk 0:01:37]}  h2 {[%clk 0:00:04]} 35. Rh1 {[%clk 0:01:36]}  Re2 {[%clk 0:00:04]} 36. Bd4 {[%clk 0:01:35]}  g4 {[%clk 0:00:04]} 37. Kd3 {[%clk 0:01:35]}  Rxa2 {[%clk 0:00:04]} 38. Bg1 {[%clk 0:01:26]}  hxg1=Q {[%clk 0:00:03]} 39. Rxg1 {[%clk 0:01:25]}  Kf8 {[%clk 0:00:03]} 40. Rxg4 {[%clk 0:01:25]}  Ne5+ {[%clk 0:00:02]} 41. Ke4 {[%clk 0:01:25]}  Nxg4 {[%clk 0:00:03]} 42. Kf5 {[%clk 0:01:25]}  Rb2 {[%clk 0:00:03]} 43. Kxg4 {[%clk 0:01:26]}  Rxb4+ {[%clk 0:00:03]} 44. Kf5 {[%clk 0:01:26]}  a5 {[%clk 0:00:03]} 45. Ke5 {[%clk 0:01:27]}  a4 {[%clk 0:00:03]} 46. Kd6 {[%clk 0:01:28]}  a3 {[%clk 0:00:03]} 47. Kc7 {[%clk 0:01:29]}  a2 {[%clk 0:00:03]} 48. Kb8 {[%clk 0:01:30]}  a1=Q {[%clk 0:00:03]} 49. Kc8 {[%clk 0:01:31]}  Rb5 {[%clk 0:00:03]} 50. Kb8 {[%clk 0:01:32]}  f5 {[%clk 0:00:04]} 51. Kc8 {[%clk 0:01:33]}  f4 {[%clk 0:00:04]} 52. Kc7 {[%clk 0:01:34]}  f3 {[%clk 0:00:05]} 53. Kc8 {[%clk 0:01:35]}  f2 {[%clk 0:00:05]} 54. Kd8 {[%clk 0:01:35]}  f1=Q {[%clk 0:00:05]} 55. Kd7 {[%clk 0:01:36]}  Qf5+ {[%clk 0:00:05]} 56. Kc7 {[%clk 0:01:37]}  Qae5+ {[%clk 0:00:05]} 57. Kd8 {[%clk 0:01:36]}  Qd5+ {[%clk 0:00:03]} 58. Kc7 {[%clk 0:01:36]}  Qfd7+ {[%clk 0:00:04]} 59. Kb8 {[%clk 0:01:36]}  Qd8+ {[%clk 0:00:04]} 60. Ka7 {[%clk 0:01:36]}  Qa2# {[%clk 0:00:04]} 0-1

[Event "April 9 Late 2024"]
[Site "Chess.com"]
[Date "2024.04.09"]
[Round "2"]
[White "Gonzalez Zharikov, Andrey"]
[Black "Kalavannan, Koby"]
[Result "0-1"]
[Board "101"]
[WhiteFideId "5145287"]
[BlackFideId "425753"]
[WhiteTitle "CM"]
[BlackTitle "FM"]
[WhiteElo "2275"]
[BlackElo "2632"]
[WhiteTeam "MEX"]
[BlackTeam "ENG"]
[WhiteClock "0:00:12"]
[BlackClock "0:00:17"]
[Variant "Standard"]

1. e4 {[%clk 0:03:00]}  c5 {[%clk 0:03:00]} 2. Nf3 {[%clk 0:03:00]}  g6 {[%clk 0:03:00]} 3. d4 {[%clk 0:03:00]}  cxd4 {[%clk 0:03:00]} 4. Nxd4 {[%clk 0:03:00]}  Nc6 {[%clk 0:02:59]} 5. c4 {[%clk 0:03:00]}  Nf6 {[%clk 0:03:00]} 6. Nc3 {[%clk 0:03:00]}  d6 {[%clk 0:03:00]} 7. Be2 {[%clk 0:02:59]}  Nxd4 {[%clk 0:03:01]} 8. Qxd4 {[%clk 0:02:59]}  Bg7 {[%clk 0:03:02]} 9. O-O {[%clk 0:02:55]}  O-O {[%clk 0:03:02]} 10. Qd1 {[%clk 0:02:55]}  a5 {[%clk 0:03:03]} 11. Be3 {[%clk 0:02:40]}  a4 {[%clk 0:03:03]} 12. Rb1 {[%clk 0:02:29]}  Qa5 {[%clk 0:03:03]} 13. Bd2 {[%clk 0:02:11]}  Be6 {[%clk 0:03:00]} 14. Nd5 {[%clk 0:02:09]}  Qd8 {[%clk 0:03:00]} 15. f3 {[%clk 0:02:04]}  Nxd5 {[%clk 0:02:56]} 16. cxd5 {[%clk 0:02:05]}  Qb6+ {[%clk 0:02:57]} 17. Kh1 {[%clk 0:02:04]}  Bd7 {[%clk 0:02:57]} 18. Bc3 {[%clk 0:01:39]}  Rfc8 {[%clk 0:02:53]} 19. Qd2 {[%clk 0:01:36]}  Bb5 {[%clk 0:02:33]} 20. Bxg7 {[%clk 0:01:20]}  Bxe2 {[%clk 0:02:28]} 21. Qxe2 {[%clk 0:01:20]}  Kxg7 {[%clk 0:02:29]} 22. Rfc1 {[%clk 0:01:20]}  Qd4 {[%clk 0:02:24]} 23. h3 {[%clk 0:01:17]}  h5 {[%clk 0:02:23]} 24. Rd1 {[%clk 0:01:16]}  Qe5 {[%clk 0:02:22]} 25. Rbc1 {[%clk 0:01:15]}  Qf4 {[%clk 0:02:17]} 26. Rc4 {[%clk 0:01:06]}  Kh7 {[%clk 0:01:41]} 27. Qc2 {[%clk 0:01:05]}  Rxc4 {[%clk 0:01:35]} 28. Qxc4 {[%clk 0:01:06]}  Qe5 {[%clk 0:01:34]} 29. Qc2 {[%clk 0:00:59]}  Ra5 {[%clk 0:01:32]} 30. b4 {[%clk 0:00:43]}  axb3 {[%clk 0:01:31]} 31. Qxb3 {[%clk 0:00:43]}  b5 {[%clk 0:01:20]} 32. Rc1 {[%clk 0:00:40]}  Qg5 {[%clk 0:01:14]} 33. Rc2 {[%clk 0:00:39]}  Qe5 {[%clk 0:01:07]} 34. Qb2 {[%clk 0:00:36]}  Qxb2 {[%clk 0:00:42]} 35. Rxb2 {[%clk 0:00:37]}  g5 {[%clk 0:00:43]} 36. Kg1 {[%clk 0:00:37]}  Kg6 {[%clk 0:00:42]} 37. Kf2 {[%clk 0:00:38]}  h4 {[%clk 0:00:40]} 38. Ke3 {[%clk 0:00:38]}  Kf6 {[%clk 0:00:39]} 39. f4 {[%clk 0:00:28]}  Ra3+ {[%clk 0:00:39]} 40. Rb3 {[%clk 0:00:27]}  Rxa2 {[%clk 0:00:38]} 41. Kf3 {[%clk 0:00:17]}  gxf4 {[%clk 0:00:29]} 42. Rxb5 {[%clk 0:00:16]}  Kg5 {[%clk 0:00:29]} 43. Rb7 {[%clk 0:00:15]}  Ra3+ {[%clk 0:00:28]} 44. Kf2 {[%clk 0:00:15]}  Kf6 {[%clk 0:00:29]} 45. Rb4 {[%clk 0:00:13]}  Re3 {[%clk 0:00:28]} 46. Rc4 {[%clk 0:00:11]}  e6 {[%clk 0:00:18]} 47. dxe6 {[%clk 0:00:11]}  fxe6 {[%clk 0:00:18]} 48. Rd4 {[%clk 0:00:11]}  Ke5 {[%clk 0:00:18]} 49. Ra4 {[%clk 0:00:11]}  Rxe4 {[%clk 0:00:18]} 50. Ra5+ {[%clk 0:00:11]}  d5 {[%clk 0:00:17]} 51. Ra8 {[%clk 0:00:12]} 0-1

[Event "April 9 Late 2024"]
[Site "Chess.com"]
[Date "2024.04.09"]
[Round "2"]
[White "Yagupov, Igor"]
[Black "Sailer, Mike"]
[Result "1/2-1/2"]
[Board "103"]
[WhiteFideId "4113632"]
[BlackFideId "2012901"]
[WhiteTitle "GM"]
[WhiteElo "2592"]
[BlackElo "2162"]
[WhiteTeam "RUS"]
[BlackTeam "USA"]
[WhiteClock "0:01:12"]
[BlackClock "0:00:39"]
[Variant "Standard"]

1. d4 {[%clk 0:03:00]}  d5 {[%clk 0:02:59]} 2. c4 {[%clk 0:02:59]}  c6 {[%clk 0:02:53]} 3. Nc3 {[%clk 0:02:57]}  Nf6 {[%clk 0:02:53]} 4. Nf3 {[%clk 0:02:56]}  a6 {[%clk 0:02:53]} 5. c5 {[%clk 0:02:55]}  g6 {[%clk 0:02:51]} 6. Bf4 {[%clk 0:02:53]}  Bg7 {[%clk 0:02:51]} 7. e3 {[%clk 0:02:54]}  O-O {[%clk 0:02:51]} 8. Bd3 {[%clk 0:02:52]}  Bg4 {[%clk 0:02:50]} 9. h3 {[%clk 0:02:51]}  Bxf3 {[%clk 0:02:50]} 10. Qxf3 {[%clk 0:02:51]}  Nbd7 {[%clk 0:02:48]} 11. O-O {[%clk 0:02:50]}  Nh5 {[%clk 0:02:48]} 12. b4 {[%clk 0:02:34]}  e5 {[%clk 0:02:47]} 13. dxe5 {[%clk 0:02:33]}  Nxe5 {[%clk 0:02:47]} 14. Bxe5 {[%clk 0:02:30]}  Bxe5 {[%clk 0:02:47]} 15. Rac1 {[%clk 0:02:30]}  Qf6 {[%clk 0:02:30]} 16. Qxf6 {[%clk 0:02:28]}  Bxf6 {[%clk 0:02:22]} 17. Ne2 {[%clk 0:02:24]}  Ng7 {[%clk 0:02:04]} 18. Rfd1 {[%clk 0:02:18]}  Ne6 {[%clk 0:01:58]} 19. a4 {[%clk 0:02:14]}  Rfe8 {[%clk 0:01:48]} 20. g3 {[%clk 0:02:12]}  h5 {[%clk 0:01:46]} 21. h4 {[%clk 0:02:08]}  a5 {[%clk 0:01:37]} 22. b5 {[%clk 0:02:06]}  Be7 {[%clk 0:01:29]} 23. bxc6 {[%clk 0:02:02]}  bxc6 {[%clk 0:01:29]} 24. Nd4 {[%clk 0:02:03]}  Nxd4 {[%clk 0:01:08]} 25. exd4 {[%clk 0:02:02]}  Bf6 {[%clk 0:01:07]} 26. Bf1 {[%clk 0:01:56]}  Rab8 {[%clk 0:01:06]} 27. Bh3 {[%clk 0:01:54]}  Re4 {[%clk 0:01:00]} 28. Bd7 {[%clk 0:01:51]}  Rxd4 {[%clk 0:00:58]} 29. Bxc6 {[%clk 0:01:39]}  Rc8 {[%clk 0:00:48]} 30. Bxd5 {[%clk 0:01:31]}  Rxd1+ {[%clk 0:00:46]} 31. Rxd1 {[%clk 0:01:31]}  Rxc5 {[%clk 0:00:46]} 32. Rd2 {[%clk 0:01:27]}  Bc3 {[%clk 0:00:42]} 33. Rd3 {[%clk 0:01:26]}  Bb4 {[%clk 0:00:41]} 34. Kg2 {[%clk 0:01:23]}  Kg7 {[%clk 0:00:39]} 35. Kf3 {[%clk 0:01:17]}  Rc3 {[%clk 0:00:39]} 36. Rxc3 {[%clk 0:01:16]}  Bxc3 {[%clk 0:00:40]} 37. Ke2 {[%clk 0:01:12]}  Bb4 {[%clk 0:00:39]} 1/2-1/2

[Event "April 9 Late 2024"]
[Site "Chess.com"]
[Date "2024.04.09"]
[Round "2"]
[White "Tang, Zoey"]
[Black "Durarbayli, Vasif"]
[Result "0-1"]
[Board "105"]
[WhiteFideId "30952530"]
[BlackFideId "13402935"]
[WhiteTitle "FM"]
[BlackTitle "GM"]
[WhiteElo "2416"]
[BlackElo "2891"]
[WhiteTeam "USA"]
[BlackTeam "AZE"]
[WhiteClock "0:00:29"]
[BlackClock "0:01:37"]
[Variant "Standard"]

1. e4 {[%clk 0:03:00]}  c5 {[%clk 0:02:59]} 2. Nf3 {[%clk 0:03:01]}  d6 {[%clk 0:02:59]} 3. d4 {[%clk 0:03:01]}  cxd4 {[%clk 0:03:00]} 4. Nxd4 {[%clk 0:03:01]}  Nf6 {[%clk 0:03:01]} 5. Nc3 {[%clk 0:03:02]}  a6 {[%clk 0:03:01]} 6. Bg5 {[%clk 0:03:01]}  Nbd7 {[%clk 0:03:01]} 7. f4 {[%clk 0:02:56]}  h6 {[%clk 0:02:59]} 8. Bh4 {[%clk 0:02:41]}  g5 {[%clk 0:02:58]} 9. fxg5 {[%clk 0:02:38]}  hxg5 {[%clk 0:02:59]} 10. Bxg5 {[%clk 0:02:39]}  Qb6 {[%clk 0:02:58]} 11. a3 {[%clk 0:02:16]}  Bh6 {[%clk 0:02:53]} 12. Bxh6 {[%clk 0:02:14]}  Rxh6 {[%clk 0:02:54]} 13. Qd2 {[%clk 0:02:09]}  Rh4 {[%clk 0:02:44]} 14. O-O-O {[%clk 0:02:07]}  Ne5 {[%clk 0:02:41]} 15. g3 {[%clk 0:02:00]}  Nxe4 {[%clk 0:02:30]} 16. Nxe4 {[%clk 0:01:33]}  Rxe4 {[%clk 0:02:31]} 17. h3 {[%clk 0:01:32]}  Be6 {[%clk 0:02:24]} 18. Bg2 {[%clk 0:01:30]}  Nc4 {[%clk 0:02:21]} 19. Qb4 {[%clk 0:01:20]}  Rxd4 {[%clk 0:02:15]} 20. Rxd4 {[%clk 0:01:15]}  Qxd4 {[%clk 0:02:16]} 21. Bxb7 {[%clk 0:01:00]}  Rd8 {[%clk 0:02:09]} 22. Bxa6 {[%clk 0:00:59]}  Qe3+ {[%clk 0:02:02]} 23. Kb1 {[%clk 0:00:54]}  Ne5 {[%clk 0:01:57]} 24. Bb5+ {[%clk 0:00:51]}  Kf8 {[%clk 0:01:56]} 25. Qh4 {[%clk 0:00:51]}  Ng6 {[%clk 0:01:52]} 26. Qb4 {[%clk 0:00:41]}  Qxg3 {[%clk 0:01:48]} 27. Qa5 {[%clk 0:00:41]}  Rb8 {[%clk 0:01:46]} 28. Bd3 {[%clk 0:00:38]}  Qe5 {[%clk 0:01:45]} 29. Qxe5 {[%clk 0:00:37]}  Nxe5 {[%clk 0:01:46]} 30. h4 {[%clk 0:00:36]}  Nxd3 {[%clk 0:01:46]} 31. cxd3 {[%clk 0:00:36]}  Bb3 {[%clk 0:01:43]} 32. Kc1 {[%clk 0:00:36]}  Rc8+ {[%clk 0:01:43]} 33. Kd2 {[%clk 0:00:36]}  Rc2+ {[%clk 0:01:43]} 34. Ke3 {[%clk 0:00:37]}  Rxb2 {[%clk 0:01:44]} 35. h5 {[%clk 0:00:37]}  Kg8 {[%clk 0:01:43]} 36. h6 {[%clk 0:00:38]}  Ra2 {[%clk 0:01:43]} 37. Rg1+ {[%clk 0:00:37]}  Kh7 {[%clk 0:01:43]} 38. Kd4 {[%clk 0:00:34]}  Rxa3 {[%clk 0:01:42]} 39. Re1 {[%clk 0:00:33]}  Be6 {[%clk 0:01:42]} 40. Rb1 {[%clk 0:00:31]}  Ra7 {[%clk 0:01:37]} 41. Ke4 {[%clk 0:00:28]}  Kxh6 {[%clk 0:01:37]} 42. d4 {[%clk 0:00:29]}  Kg7 {[%clk 0:01:36]} 43. d5 {[%clk 0:00:28]}  Ra4+ {[%clk 0:01:35]} 44. Kd3 {[%clk 0:00:28]}  Bxd5 {[%clk 0:01:36]} 45. Rg1+ {[%clk 0:00:28]}  Kf8 {[%clk 0:01:36]} 46. Rg5 {[%clk 0:00:29]}  e5 {[%clk 0:01:36]} 47. Rh5 {[%clk 0:00:28]}  Ke7 {[%clk 0:01:36]} 48. Ke3 {[%clk 0:00:29]}  Ra3+ {[%clk 0:01:37]} 49. Kd2 {[%clk 0:00:29]}  Ke6 {[%clk 0:01:37]} 50. Rh6+ {[%clk 0:00:29]}  f6 {[%clk 0:01:37]} 51. Rh1 {[%clk 0:00:29]}  Bxh1 {[%clk 0:01:37]} 0-1